000 00463nam a2200157 4500
001 138638
003 ES-MaACL
005 20230906195614.0
007 t|
008 070214s1973 sp r ||||1| spa d
100 1 _aSantaner Mari, Juan.
_9103341
245 1 0 _aHombres notables de Muro /
_cJuan Santaner Mari.
260 _aPalma de Mallorca :
_b[s. n.],
_c1973 (
_fGráf. Miramar)
300 _a137 p. :
_bil. ;
_c22 cm.
852 _aES-MaACL
_jC-56087
_bR.88804
999 _c138638
_d138638